00698 a2200193 450000500170000000800410001702000180005804000500007604100080012610000290013424500920016326000630025530000180031850400410033660000570037765000240043465000200045865000260047820150707133440.0150707b2015 ck ||||fr|||| 00| 0 spa d a9789587631159 aCO-BoUCMbspacJose A. GerenadJose A. Gerena0 aspa1 aVergara Estévez, Jorge10aMercado y sociedad bla utopía política de Friedrich HayekcJorge Vergara Estévez c2015bUniminutobUniversidad de ChileaBogotá (Colombia) a328 páginas aIncluye referencias bibliográficas14aHayek, Friedrich d1899-1992xPensamiento político 7aCiencia política  7aNeoliberalismo  7aSistemas de gobierno